| 000 | 00602nab a2200193 a 4500 | ||
|---|---|---|---|
| 005 | 20210219161711.0 | ||
| 008 | 991125s1985 mx 000 0 spa u | ||
| 035 | _aUPN01000190344 | ||
| 100 | 1 | _aArgüe Parra, Andrés | |
| 222 | _aPERFILES EDUCATIVOS | ||
| 245 | _aLa educación en derechos humanos como pedagogía de la alteridad : cinco tesis a partir de la historia de vida de Rodolfo Stavenhagen | ||
| 260 | _aMéxico | ||
| 300 | _a148-166 | ||
| 653 | 0 | _aDISCRIMINACION | |
| 653 | 0 | _aDERECHOS HUMANOS | |
| 653 | 0 | _aHISTORIAS DE VIDA | |
| 653 | 0 | _aFILOSOFIA EDUCATIVA | |
| 905 | _aArticulo | ||
| 999 |
_c162447 _d162447 |
||